Az artéria- és vénabetegségek felismerése és elkülönítése

Elmentve itt :
Bibliográfiai részletek
Szerző: Forster Tamás
Dokumentumtípus: Könyv része
Megjelent: Medicina Könyvkiadó Zrt. Budapest 2018
Sorozat:Differenciáldiagnosztikai kalauz
mtmt:30620027
Online Access:http://publicatio.bibl.u-szeged.hu/16392
LEADER 00840naa a2200205 i 4500
001 publ16392
005 20190821144405.0
008 190821s2018 hu o 0|| zxx d
020 |a 9789632266633 
024 7 |a 30620027  |2 mtmt 
040 |a SZTE Publicatio Repozitórium  |b hun 
041 |a zxx 
100 1 |a Forster Tamás 
245 1 3 |a Az artéria- és vénabetegségek felismerése és elkülönítése  |h [elektronikus dokumentum] /  |c  Forster Tamás 
260 |a Medicina Könyvkiadó Zrt.  |b Budapest  |c 2018 
300 |a 14 
300 |a 411-424 
490 0 |a Differenciáldiagnosztikai kalauz 
856 4 0 |u http://publicatio.bibl.u-szeged.hu/16392/6/diffdiag_kalauz_cimlap.pdf  |z Dokumentum-elérés  
856 4 0 |u http://publicatio.bibl.u-szeged.hu/16392/12/forster_tamas_az_arteria_es_venabetegsegek_felismerese_es_elkulonitese.pdf  |z Dokumentum-elérés